000 00903nam a2200265 a 4500
001 BRCA_4567
005 20190320204724.0
008 230910s1951----sp-a######---#000-0#spa-#
041 _aspa
044 _asp
050 4 _aN8060
_b.F47 1951
245 1 0 _aNacimientos
_bexposición celebrada en el Museo Nacional de Artes Decorativas
_cPilar Fernández Vega de Ferrandis, introducción y notas ; fotografía Vallmitjana.
260 _aMadrid
_bAfrodisio Aguado
_c1951
300 _a73 p.
_bil., 51 láminas
_c19 cm.
440 0 _aArtes decorativas en España
_v4
_911576
500 _aEstado físico: Lomo desprendido
500 _aCFG66
650 1 4 _aArte decorativo
_zMadrid
_911577
650 1 4 _aJesucristo
_xArte
_911578
650 1 4 _aGalerías y museos
_zEspaña
_97331
700 1 _aFernández Vega de Ferrandis, Pilar
_911579
700 1 _aVallmitjana
_911580
902 _aGFM
942 _2lcc
_cB
999 _c4272
_d4272